00481nam a2200133Ia 4500008004100000082001500041100003700056245014700093260003900240300001000279520001100289650002800300700001900328230907s9999||||xx |||||||||||||| ||und|| a621.3bUME aSyed Umer Bin Arif (00000170424) 0aThermodynamic modeling and analysis of micro gas turbine as a range extender in electric vehicles with the evaluation of battery pack sizing / aUSPCAS-E, NUST,bIslamabad :c2019 a77 p. aTH-138 aMS-TEE Thesis MS Thesis aDr Adeel Javed